Edith Bruck, Contrechamp, translated from Italian by René de Ceccatty. Seuil, 2025, 144 pages, €18. Les dissonances. Foreword and translation from Italian by René de Ceccatty (bilingual edition). Rivages, “Bibliothèque Rivages”, 2025, 156 pages, €17. (notice n° 1506843)
[ vue normale ]
| 000 -LEADER | |
|---|---|
| fixed length control field | 00666cam a2200145 4500500 |
| 005 - DATE AND TIME OF LATEST TRANSACTION | |
| control field | 20250921003727.0 |
| 041 ## - LANGUAGE CODE | |
| Language code of text/sound track or separate title | fre |
| 042 ## - AUTHENTICATION CODE | |
| Authentication code | dc |
| 100 10 - MAIN ENTRY--PERSONAL NAME | |
| Personal name | Daudin, Claire |
| Relator term | author |
| 245 00 - TITLE STATEMENT | |
| Title | Edith Bruck, Contrechamp, translated from Italian by René de Ceccatty. Seuil, 2025, 144 pages, €18. Les dissonances. Foreword and translation from Italian by René de Ceccatty (bilingual edition). Rivages, “Bibliothèque Rivages”, 2025, 156 pages, €17. |
| 260 ## - PUBLICATION, DISTRIBUTION, ETC. | |
| Date of publication, distribution, etc. | 2025.<br/> |
| 500 ## - GENERAL NOTE | |
| General note | 76 |
| 786 0# - DATA SOURCE ENTRY | |
| Note | Études | Jui | 6 | 2025-05-21 | p. 122-123 | 0014-1941 |
| 856 41 - ELECTRONIC LOCATION AND ACCESS | |
| Uniform Resource Identifier | <a href="https://shs.cairn.info/journal-etudes-2025-6-page-122?lang=en&redirect-ssocas=7080">https://shs.cairn.info/journal-etudes-2025-6-page-122?lang=en&redirect-ssocas=7080</a> |
Pas d'exemplaire disponible.




Réseaux sociaux